00895nam a2200289Ia 4500003000400000005001700004008004100021020001500062040001800077041000800095082002100103100001600124245008600140250001200226260003700238300002800275650003000303650004000333650003400373650003600407650005100443650001700494650002400511650002800535700002300563700001900586OSt20231120113735.0210716s2002 xx 000 0 und d a0072457317 cAIMIT LIBRARY aeng a658.84 22bHUFS aHuff, Sid L aCases in electronic commerce /cBy Sid L Huff, Michael Wade and Scott Schneberger a2nd ed. aNew York :bMc Graw Hill,c2002. ax,467p. ;bPB :c23 cm. aE Commerce Infrastructure aSourcing of E-Commerce Capabilities aFinancial Systems and Choices aBusiness to Consumer E-Commerce aBusiness to Business E-Commerce and E-Commerce aVirtual Work aVirtual Communities aSocial and Legal Issues aSchneberger, Scott aWade, Michael.